000 00388nam a22001697a 4500
003 MPLRDC
005 20220104124709.0
008 210129b ||||| |||| 00| 0 eng d
082 _a859.4 HTET v.1
100 _a不详
245 _a你喜欢谁?
_c
260 _a
_b海天图书公司
_c
300 _b
490 _a海天儿童丛书
650 _a
942 _cBK
_o859.4 HTET v.1
999 _c21425
_d21415